| 000 | 02157nam a2200409 a 4500 | ||
|---|---|---|---|
| 001 | ebr10395618 | ||
| 003 | CaPaEBR | ||
| 006 | m u | ||
| 007 | cr cn||||||||| | ||
| 008 | 090511s2009 miua sb s001 0 eng | ||
| 010 | _z 2009018643 | ||
| 020 | _z9780472070695 (cloth : alk. paper) | ||
| 020 | _z047207069X (cloth : alk. paper) | ||
| 020 | _z9780472050697 (pbk. : alk. paper) | ||
| 020 | _z0472050699 (pbk. : alk. paper) | ||
| 040 |
_aCaPaEBR _cCaPaEBR |
||
| 035 | _a(OCoLC)649914289 | ||
| 043 | _an-us--- | ||
| 050 | 1 | 4 |
_aPS153.P48 _bC68 2009eb |
| 082 | 0 | 4 |
_a810.9/92087 _222 |
| 100 | 1 | _aCouser, G. Thomas. | |
| 245 | 1 | 0 |
_aSignifying bodies _h[electronic resource] : _bdisability in contemporary life writing / _cG. Thomas Couser. |
| 260 |
_aAnn Arbor : _bUniversity of Michigan Press, _cc2009. |
||
| 300 |
_aviii, 204 p. : _bill. |
||
| 490 | 1 | _aCorporealities | |
| 504 | _aIncludes bibliographical references and index. | ||
| 505 | 0 | _aIntroduction: the some body memoir -- Paradigms cost: disability and cultural representation -- Rhetoric and self-representation in disability memoir -- Double exposure: performing conjoined twinship -- Identity, identicality, and life writing: telling (the silent) twins apart -- Autoethnography and developmental disability: riding the bus with my sister -- Disability as metaphor: what's wrong with Lying -- Lucy Grealy and the some body obituary -- Life writing and disability law: undoing hardship -- Epilogue: the new disability memoir. | |
| 533 |
_aElectronic reproduction. _bPalo Alto, Calif. : _cebrary, _d2013. _nAvailable via World Wide Web. _nAccess may be limited to ebrary affiliated libraries. |
||
| 650 | 0 |
_aPeople with disabilities _zUnited States _vBiography _xHistory and criticism. |
|
| 650 | 0 | _aPeople with disabilities, Writings of, American. | |
| 650 | 0 | _aPeople with disabilities in literature. | |
| 650 | 0 | _aAutobiography. | |
| 655 | 7 |
_aElectronic books. _2local |
|
| 710 | 2 | _aebrary, Inc. | |
| 830 | 0 | _aCorporealities. | |
| 856 | 4 | 0 |
_uhttp://site.ebrary.com/lib/rucke/Doc?id=10395618 _zAn electronic book accessible through the World Wide Web; click to view |
| 999 |
_c190555 _d190555 |
||